Botánica criptogámica agrícola /
Guardado en:
| Autor Principal: | |
|---|---|
| Formato: | Libro |
| Publicado: |
España :
Espasa-calpe,
1927
|
| Materias: | |
| Etiquetas: |
Agregar Etiqueta
Sin Etiquetas, Sea el primero en etiquetar este registro!
|
| LEADER | 00694nam a22001815a 4500 | ||
|---|---|---|---|
| 001 | CEM.cems002983 | ||
| 005 | 19000101000000.0 | ||
| 008 | 130507s1927##################000#0#####d | ||
| 003 | CEMS | ||
| 082 | 0 | 4 | |a 586 |
| 100 | 1 | |a González Fragoso, Romualdo | |
| 245 | 1 | 0 | |a Botánica criptogámica agrícola / |c Romualdo González Fragoso |
| 260 | |a España : |b Espasa-calpe, |c 1927 | ||
| 300 | |a 321 p. | ||
| 505 | 0 | |a Sistema bacteria-bacteri¢fago.-Purificaci¢n y caracterizaci¢n.-Estructura y composici¢n.-Propiedades antigénicas y acci¢n de agentes f¡sicos y qu¡micos.-Reproducci¢n.-Génetica. | |
| 653 | |a Botanica | ||
| 653 | |a Criptogamas | ||
| 859 | |a CEMS |b BIB. CEMS - 11 de abril |h 586 |i G589 |p 2262.74 |t Ej.1 | ||
